Top 10 Languages by Continent of Origin - Statistics

General Stats
  • This quiz has been taken 268 times
  • The average score is 27 of 60
Answer Stats
Continent Speakers Languages % Correct
Europe 1452m English
99%
Europe 548.3m Spanish
97%
Europe 274.1m French
95%
Europe 134.6m German
94%
Europe 258.2m Russian
94%
Asia 855.6m Hindustani/Western Hindi
93%
Asia 1118m Mandarin
93%
Europe 67.9m Italian
92%
Europe 257.7m Portuguese
92%
Europe 40.6m Polish
89%
Asia 125.4m Japanese
85%
Asia 272.7m Bengali
81%
Africa 71.4m Swahili
81%
Europe 40m Ukrainian
81%
Asia 290m Malay/Indonesian
79%
Europe 30m Romanian
75%
Asia 85.6m Yue
73%
South America 10m Quechua
72%
Asia 88.1m Turkish
69%
Africa 36.3m Igbo
68%
South America 6.5m Guarani
65%
Asia 86.4m Tamil
63%
Africa 57.5m Amharic
62%
Africa 48.5m Yoruba
62%
Africa 77.1m Hausa
61%
South America 2.5m Aymara
53%
Oceania 660k Fijian
53%
Asia 99.1m Marathi
50%
North America 1.7m Nahuatl
50%
Asia 95.7m Telugu
49%
North America 770k Yucatec Maya
49%
Oceania 510k Samoan
48%
Africa 45.9m Oromo
45%
Oceania 187k Tongan
44%
Africa 37.8m Fula
37%
Africa 149.3m Egypto-Sudanic Arabic
34%
Africa 101.4m Maghrebi Arabic
31%
Oceania 119k Gilbertese
25%
South America 260k Mapuche
22%
Africa 40.3m Lingala
20%
North America 490k Zapotec
15%
Oceania 159k Motu
14%
North America 530k Mixtec
12%
North America 1.1m K'iche'
11%
South America 420k Wayuu
4%
North America 300k Otomi
3%
North America 1m Tzeltalan/Tzeltal-Tzotzil
3%
Oceania 230k Enga
2%
North America 410k Kaqchikel
2%
North America 613k Mam
2%
North America 1.3m Q'eqchi'
2%
South America 36k Wichi'
2%
South America 34k Guajibo
1%
Oceania 150k Huli
1%
Oceania 120k Kuman
1%
Oceania 130k Melpa
1%
South America 60k Paez
1%
South America 35k Shuar
1%
South America 63k Ticuna
1%
Oceania 110k Dobu
0%
No matching quizzes found
Score Distribution
Percent of People with Each Score
Percentile by Number Answered
Your Score History
You have not taken this quiz